000 00551nam a2200229Ia 4500
003 0100
008 130227s9999 xx 000 0 und d
040 _cARRUPELIB
050 _aHF5387.B686 2001
100 _aBoylan, Michael
245 _aBusiness ethics
260 _aNew Jersey
260 _bPrentice Hall
260 _C2001
300 _a424p.
300 _b 23 cm
440 _aBasic Ethics in action
650 _bSocial change
650 _cFunctional analysis (Social sciences)
650 _dSocial evolution
942 _2lcc
_01
999 _c6490
_d6490